Statistics for 2008 Presidential Candidates Quiz

Click here to take the quiz!

General Stats

  • This quiz has been taken 3,147 times
    (3,144 since last reset)
  • The average score is 7 of 20

Answer Stats

Party+StateCandidate% Correct
DemocraticIllinoisBarack Obama
98%
RepublicanArizonaJohn McCain
89%
DemocraticNew YorkHillary Clinton
86%
RepublicanMassachusettsMitt Romney
74%
RepublicanTexasRon Paul
52%
RepublicanArkansasMike Huckabee
50%
DemocraticDelawareJoe Biden
48%
DemocraticNorth CarolinaJohn Edwards
41%
RepublicanNew YorkRudy Giuliani
35%
DemocraticNew MexicoBill Richardson
27%
DemocraticOhioDennis Kucinich
20%
RepublicanTennesseeFred Thompson
19%
RepublicanWisconsinTommy Thompson
18%
DemocraticConnecticutChris Dodd
15%
RepublicanKansasSam Brownback
12%
DemocraticAlaskaMike Gravel
11%
RepublicanColoradoTom Tancredo
9%
RepublicanMarylandAlan Keyes
8%
RepublicanCaliforniaDuncan Hunter
7%
RepublicanVirginiaJim Gilmore
7%

Score Distribution

Percentile by Number Answered

Percent of People with Each Score

Your Score History

You have not taken this quiz since the last reset